Accounting as a Relevant Source of Information for Assessing the Economic Situation of the Entity

Analýza riadenia rizík v organizáciách a úloha účtovníctva vo finančnom riadení a riadení rizík so zameraním na účtovníctvo ako relevantný zdroj informácií o hodnotení ekonomickej situácie účtovnej jednotky. Popis problémov s porozumením dôležitých tém z účtovníctva pre riadenie. Dôležitosť dobrého...

Descrizione completa

Salvato in:
Dettagli Bibliografici
Autore principale: Pakšiová, Renáta, 1974-
Natura: Capitolo di libro
Lingua:inglese
Soggetti:
Tags: Aggiungi Tag
Nessun Tag, puoi essere il primo ad aggiungerne!!

MARC

LEADER 00000naa$a2200000$$$4500
001 0236087
005 20240502083629.2
041 0 |a eng 
044 |a PL 
245 1 0 |a Accounting as a Relevant Source of Information for Assessing the Economic Situation of the Entity  |c Renáta Pakšiová 
520 |a Analýza riadenia rizík v organizáciách a úloha účtovníctva vo finančnom riadení a riadení rizík so zameraním na účtovníctvo ako relevantný zdroj informácií o hodnotení ekonomickej situácie účtovnej jednotky. Popis problémov s porozumením dôležitých tém z účtovníctva pre riadenie. Dôležitosť dobrého porozumenia finančného vykazovania o finančnej a ekonomickej situácii pri poskytovaní informácií, ktoré sú užitočné na účely zodpovednosti a rozhodovania. 
610 2 0 |a účtovníctvo 
610 2 0 |a jednotka účtovná 
610 2 0 |a zdroje informácií 
610 2 0 |a riadenie rizík 
610 2 0 |a riadenie finančné 
610 2 0 |a výkazy finančné 
610 2 0 |a situácia hospodárska 
100 1 |a Pakšiová, Renáta, 1974-